Matemática 8º básico: texto del estudiante

Gespeichert in:
Bibliographische Detailangaben
Hauptverfasser: León Velasco, Pablo (VerfasserIn), Olivares Muñoz, Paula (VerfasserIn), Parra Riveros, Paz (VerfasserIn)
Körperschaft: Ministerio de Educación (VerfasserIn)
Format: Buch
Sprache:Spanisch
Veröffentlicht: Santiago MN Editorial 2011
Ausgabe:1a. ed
Schlagworte:
Tags: Tag hinzufügen
Keine Tags, Fügen Sie den ersten Tag hinzu!

MARC

LEADER 00000cam a2200000 a 4500
001 UCE6913
003 CL-VaPUC
008 150514e20111100cl |||||||||||||||||spa|d
020 |a 9789562942898 
082 0 4 |a 372.7  |b LEO  |2 21 
100 0 |a León Velasco, Pablo  |e author  |9 579606 
700 0 |a Olivares Muñoz, Paula  |e author  |9 579607 
700 0 |a Parra Riveros, Paz  |e author  |9 579608 
110 2 |a Ministerio de Educación  |e author  |9 579609 
245 1 0 |a Matemática 8º básico: texto del estudiante 
250 |a 1a. ed 
300 |a 176 p 
942 |c BK 
945 |d 20150514 13:01:00  |a arojas 
260 |a Santiago  |b MN Editorial  |c 2011 
500 |a Edición especial para el Ministerio de Educación 
650 0 |a Matemáticas  |x Enseñanza  |9 875527 
650 0 |a Educación básica   |9 224933 
650 0 |a Métodos de enseñanza  |9 270413 
650 0 |a Libros de texto  |9 270019 
583 |a last modification  |c 20150514 13:01:00  |k Rodrigo Vera 
999 |c 359084  |d 359082 
952 |0 0  |1 0  |3 erb  |4 0  |6 372_700000000000000_LEO_2011  |7 0  |8 A  |9 468107  |a BIBEDU  |b BIBEDU  |i 5148863  |o 372.7 LEO 2011  |p 5148863  |r 2019-11-23  |w 2019-11-23  |y BK  |z Catalogado en:20150514  |k EPE